00413nam a2200157Ia 4500008004100000020001800041082001400059100002200073245001300095250000800108260004200116300002900158500001900187600003300206650001600239240925s9999 xx 000 0 und d a9789332549531 a514.3 MUN aMunkres, James R. 0aTopology a2nd aNew Delhi:bPearson Educationc,2013. axxiv, 495p.b0fOriginal aIncludes Index aHumanities & Natural Science aMathematics